000
00300nam a2200133Ia 4500
008
190216s9999||||xx |||||||||||||| ||und||
100
_a
Shankara Narayana
245
0
_a
Phisics Bsc
250
_a
1st Ed.
260
_b
Sulthan Chand&Sons
_c
1984
300
_a
1446
650
_a
Physics
942
_c
BK
999
_c
33013
_d
33013